000 00561cas a22001815 4500
001 L138071
008 070515c20012001xxktr p 0 a0eng u
035 _a(Sirsi) u138071
041 0 _aeng
110 2 _aRoyal Institution of Chartered Surveyors
_bGreater Manchester Branch
_95191
245 0 0 _aSurveyor North West
260 _aManchester
_bRICS
_c[198?]-2001
362 0 _aJuly 1992-December 1993; Summer 2000
554 _a3 issues a year
651 4 _aGREATER MANCHESTER
690 _aMANAGEMENT-BUSINESS MANAGEMENT-PROFESSIONAL PRACTICE
942 _n0
999 _c118942
_d118942